| 000 | 00462nam a22001937a 4500 | ||
|---|---|---|---|
| 003 | OSt | ||
| 005 | 20160512102527.0 | ||
| 008 | 160512b xxu||||| |||| 00| 0 eng d | ||
| 010 | _a2001055495 | ||
| 020 | _a0130655988 | ||
| 040 | _cn/a | ||
| 050 |
_aQA276.12 _b.M4 2003 |
||
| 100 | _aMcCave,James T. | ||
| 245 | _aStatistics | ||
| 250 | _a9th ed | ||
| 260 |
_aupper saddle river,NJ _bPrentice hall _c2001 |
||
| 300 |
_axxvi,850p _bill, |
||
| 942 |
_2lcc _cBK |
||
| 999 |
_c253559 _d253558 |
||